Visual modeling with rational rose 2002 and UML (Record no. 173641)
[ view plain ]
| 000 -LEADER | |
|---|---|
| fixed length control field | 00513nam a2200157Ia 4500 |
| 008 - FIXED-LENGTH DATA ELEMENTS--GENERAL INFORMATION | |
| fixed length control field | 231217s9999 xx 000 0 und d |
| 041 ## - LANGUAGE CODE | |
| Language code of text/sound track or separate title | English |
| 082 ## - DEWEY DECIMAL CLASSIFICATION NUMBER | |
| Classification number | 001.6424UML QUA R |
| 100 ## - MAIN ENTRY--PERSONAL NAME | |
| Personal name | Quatrani, Terry Booch, Grady ed Jacobson, Ivan ed |
| 245 #0 - TITLE STATEMENT | |
| Title | Visual modeling with rational rose 2002 and UML |
| 260 ## - PUBLICATION, DISTRIBUTION, ETC. | |
| Date of publication, distribution, etc. | 2003 |
| Name of publisher, distributor, etc. | Pearson Education (Singapore) |
| Place of publication, distribution, etc. | Delhi |
| 300 ## - PHYSICAL DESCRIPTION | |
| Extent | xix+256 |
| 400 ## - SERIES STATEMENT/ADDED ENTRY--PERSONAL NAME [OBSOLETE, CAN/MARC], [LOCAL, USA] | |
| Personal name | Addison-Wesley object technology series |
| 650 ## - SUBJECT ADDED ENTRY--TOPICAL TERM | |
| Topical term or geographic name entry element | Visual,modeling,rational,rose,2002,UML |
| 942 ## - ADDED ENTRY ELEMENTS (KOHA) | |
| Koha item type | Books |
| Date last seen | Total checkouts | Full call number | Accession number | Price effective from | Category | Lost status | Damaged status | Department | Withdrawn status | Home library | Current library | Shelving location | Entry date | Vendor | Grants | Billdate | Currency symbol | Conversion rate | Discount | Old discount |
|---|---|---|---|---|---|---|---|---|---|---|---|---|---|---|---|---|---|---|---|---|
| 26/01/2024 | 001.6424UML QUA R | 31083 | 26/01/2024 | Books | MCA | Central Library | Central Library | MCA | 27/12/2004 | Publisher | MCA | 20/06/2007 | RS | 1 |
